000 00778nam a22002057a 4500
999 _c19907
_d19907
003 AR-CdUCM
008 190523b ||||| |||| 00| 0 espa d
040 _aMUNICIPALIDAD PROVINCIAL DEL CUSCO
_cBIBLIOTECA MUNICIPAL DEL CUSCO
082 _a343.332 /
_bP72G
100 _aAmbía, Abel Adrián
_91452
245 _aReforma judicial :
_bGestión administrativa, soporte de la función jurisdiccional /
260 _aLima :
_c1999.
300 _a227 páginas
_c25 cm.
505 _aContenido: La función jurisdiccional del poder judicial -- Funciones de gestión del poder judicial -- Los órganos de control del poder judicial...
650 _aProceso
_97469
650 _aReforma
_94889
650 _aGestión
_922604
942 _2ddc
_cLIBROS
945 _aJavier
_d2019-05-23